00497 a2200121 4500001001000000005001700010008004100027245011200068100002400180700002500204773012900229999001700358ART_4618920260410162053.0260409a 10aCaracterísticas y determinantes de la densidad de aportes a la seguridad social en la Argentina 1994-20011 aBertranou, Fabio M.1 aSánchez, Andrea P.0 tHistorias laborales en la seguridad socialgEstudios sobre las frecuencias de aportes - Año 1, Nº 1 (oct. 2003)wREV46130 c36037d36037